[Event "XXIX Open"]
[Site "Donostia San Sebastian ESP"]
[Date "2006.04.13"]
[Round "7"]
[White "Sola, R."]
[Black "Genov, Peta"]
[Result "0-1"]
[WhiteElo "2337"]
[BlackElo "2465"]
[PlyCount "156"]
[EventDate "2006.04.08"]

1. e4 c6 2. c4 e5 3. Nf3 Qa5 4. Nc3 Bb4 5. Bd3 Nf6 6. O-O d6 7. h3 Bxc3 8. dxc3
Qc7 9. Nh4 Be6 10. f4 c5 11. g4 h6 12. f5 Bd7 13. Ng2 Bc6 14. Qf3 Nbd7 15. h4
O-O-O 16. g5 hxg5 17. hxg5 Nh5 18. Be3 Rde8 19. b4 b6 20. b5 Bb7 21. Kf2 Nf4
22. Nxf4 exf4 23. Bxf4 Ne5 24. Bxe5 Rxe5 25. Rh1 Rhe8 26. Rae1 g6 27. fxg6 fxg6
28. Qg4+ Kb8 29. Rh6 Qf7+ 30. Kg3 Qg7 31. Qf4 R5e6 32. Re3 Qxc3 33. Rh7 Qc1 34.
Re2 Qg1+ 35. Rg2 Qd4 36. Rd2 Qg1+ 37. Rg2 Qe1+ 38. Kh2 Qc3 39. Rg3 Qb2+ 40. Rg2
Qd4 41. Rd2 Rh8 42. Rxh8+ Qxh8+ 43. Kg2 Qe8 44. Re2 Qe7 45. Kg3 Re5 46. Kf2
Rxg5 47. Ke3 Re5 48. Rg2 g5 49. Qg4 Qg7 50. Kd2 Bc8 51. Qg3 Kc7 52. Kc2 g4 53.
Rh2 Re7 54. Rh1 Bd7 55. Re1 Qd4 56. Qg1 Qe5 57. Re3 Rh7 58. Re2 g3 59. Rg2 Rh2
60. Kb3 Rxg2 61. Qxg2 Be6 62. Bf1 Kd7 63. a4 Qf4 64. a5 Qe3+ 65. Ka2 bxa5 66.
e5 Qf2+ 67. Qxf2 gxf2 68. exd6 Kxd6 69. Kb3 Kc7 70. Ka4 Kb6 71. Kb3 a6 72. bxa6
Kxa6 73. Bg2 Kb6 74. Ka3 Kc7 75. Kb3 Kd6 76. Kc3 Ke5 77. Bf1 Kf4 78. Kd2 Kg3
0-1

[Event "XXIX Open"]
[Site "Donostia San Sebastian ESP"]
[Date "2006.04.13"]
[Round "7"]
[White "Guerra Bastida, D."]
[Black "Barrenechea Bahamonde, G."]
[Result "0-1"]
[WhiteElo "2373"]
[BlackElo "2180"]
[PlyCount "112"]
[EventDate "2006.04.08"]

1. e4 e5 2. Nf3 Nc6 3. Bb5 a6 4. Ba4 Nf6 5. O-O Be7 6. Re1 b5 7. Bb3 d6 8. c3
O-O 9. h3 Na5 10. Bc2 c5 11. d4 Nd7 12. d5 Nb6 13. Nbd2 f5 14. exf5 Bxf5 15.
Bxf5 Rxf5 16. Ne4 Kh8 17. Be3 Nac4 18. b3 Nxe3 19. fxe3 Qg8 20. Ng3 Rxf3 21.
Qxf3 Rf8 22. Nf5 Bh4 23. Rf1 g6 24. Nxh4 Rxf3 25. Nxf3 Nxd5 26. Rae1 Nxc3 27.
Ng5 Kg7 28. e4 h6 29. Nf3 Qa8 30. Nd2 Nxa2 31. Nb1 Nb4 32. Nc3 Nd3 33. Rd1 c4
34. bxc4 bxc4 35. Kh2 Qc6 36. Rb1 Nc5 37. Rfe1 Nb3 38. Re2 Qc5 39. Rf1 Qd4 40.
Ref2 h5 41. Rf7+ Kh6 42. Ne2 Qxe4 43. Ng3 Qh4 44. R1f6 Nd4 45. Rxd6 c3 46. Rff6
c2 47. Rxg6+ Kh7 48. Rh6+ Kg7 49. Rdg6+ Kf7 50. Rxa6 c1=Q 51. Ra7+ Kg8 52. Rg6+
Kh8 53. Rag7 Ne6 54. Rf7 Qhf4 55. Ra7 Qxg3+ 56. Rxg3 h4 0-1

[Event "XXIX Open"]
[Site "Donostia San Sebastian ESP"]
[Date "2006.04.13"]
[Round "7"]
[White "Acosta Garcia, A."]
[Black "Petrov, Marij"]
[Result "0-1"]
[WhiteElo "2304"]
[BlackElo "2427"]
[PlyCount "74"]
[EventDate "2006.04.08"]

1. d4 g6 2. c4 Bg7 3. Nc3 Nf6 4. Nf3 O-O 5. g3 c5 6. d5 d6 7. Bg2 e6 8. O-O
exd5 9. cxd5 Na6 10. Nd2 Nc7 11. a4 b6 12. Nc4 Ba6 13. Qb3 Bxc4 14. Qxc4 a6 15.
Qh4 Nd7 16. Bg5 f6 17. Bh6 f5 18. Qxd8 Rfxd8 19. Bxg7 Kxg7 20. e4 b5 21. exf5
gxf5 22. Ne2 Nb6 23. axb5 axb5 24. Nf4 Kf6 25. Nh5+ Kf7 26. Nf4 Rxa1 27. Rxa1
Ra8 28. Rxa8 Ncxa8 29. Ne6 Nc4 30. Bf1 Nab6 31. Nc7 b4 32. b3 Nd2 33. Bd3 Nxb3
34. Bxf5 Nd4 35. Bxh7 c4 36. Na6 Nxd5 37. Be4 Nc3 0-1

[Event "XXIX Open"]
[Site "Donostia San Sebastian ESP"]
[Date "2006.04.13"]
[Round "7"]
[White "Hanley, C."]
[Black "Gonzalez de la Torre, S."]
[Result "1-0"]
[WhiteElo "2418"]
[BlackElo "2317"]
[PlyCount "87"]
[EventDate "2006.04.08"]

1. e4 c5 2. Nf3 Nc6 3. d4 cxd4 4. Nxd4 g6 5. c4 Nf6 6. Nc3 d6 7. Nc2 Bg7 8. Be2
O-O 9. O-O Nd7 10. Bd2 Nc5 11. b4 Bxc3 12. Bxc3 Nxe4 13. Bb2 Be6 14. b5 Ne5 15.
Qd4 Nf6 16. f4 Ned7 17. g4 Qb6 18. f5 Bxc4 19. Bxc4 Rac8 20. Ne3 g5 21. Qxb6
axb6 22. Rac1 Rfe8 23. h4 h6 24. hxg5 hxg5 25. Rf2 Ne5 26. Bxe5 dxe5 27. Rfc2
Rcd8 28. Be2 Kg7 29. Rc7 Ra8 30. Bc4 Ne4 31. Rxb7 Nd6 32. Rxb6 Nxc4 33. Rxc4
Rxa2 34. Rc2 Ra3 35. Kf2 Rb3 36. Rb7 Rh8 37. Rxe7 Rxb5 38. Rcc7 Rf8 39. Nc4 Kg8
40. Ke3 Rb1 41. Nxe5 Rb3+ 42. Ke4 Ra8 43. Nxf7 Kf8 44. f6 1-0

[Event "XXIX Open"]
[Site "Donostia San Sebastian ESP"]
[Date "2006.04.13"]
[Round "7"]
[White "Ladron de Guevara, F."]
[Black "Contin, D."]
[Result "1/2-1/2"]
[WhiteElo "2104"]
[BlackElo "2396"]
[PlyCount "110"]
[EventDate "2006.04.08"]

1. d4 Nf6 2. Nf3 e6 3. e3 b6 4. Bd3 Bb7 5. O-O c5 6. c4 g6 7. Nc3 Bg7 8. d5
exd5 9. cxd5 Nxd5 10. Nxd5 Bxd5 11. Bxg6 Be6 12. Bd3 Nc6 13. e4 Qf6 14. e5 Nxe5
15. Nxe5 Qxe5 16. Re1 Qf6 17. Qh5 h6 18. Qd5 O-O 19. Qe4 Rfe8 20. Bf4 Qd4 21.
Qh7+ Kf8 22. Be4 Rad8 23. Rad1 Qxb2 24. Bd6+ Re7 25. Re3 Rde8 26. Rde1 Qd2 27.
Bxe7+ Rxe7 28. h3 c4 29. R1e2 Qd4 30. Kh1 b5 31. Bc2 d5 32. Bf5 Qa1+ 33. Kh2
Qf6 34. Bxe6 Rxe6 35. Rxe6 fxe6 36. Re3 Qf7 37. Rf3 Be5+ 38. Kg1 Bf6 39. Qxh6+
Ke7 40. Ra3 Kd6 41. Qe3 d4 42. Qe4 Kc5 43. Ra6 Qd7 44. Rxe6 d3 45. Rxf6 d2 46.
Rf5+ Kb6 47. Qe3+ Kb7 48. Qf3+ Kc7 49. Qf4+ Qd6 50. Rf7+ Kc6 51. Qf3+ Kb6 52.
Qe3+ Kc6 53. Qf3+ Kb6 54. Qe3+ Kc6 55. Qf3+ Kb6 1/2-1/2

[Event "XXIX Open"]
[Site "Donostia San Sebastian ESP"]
[Date "2006.04.13"]
[Round "7"]
[White "Bernard, Ja"]
[Black "Mosquera Ulloa, F."]
[Result "1/2-1/2"]
[WhiteElo "2256"]
[BlackElo "2046"]
[PlyCount "53"]
[EventDate "2006.04.08"]

1. e4 d5 2. exd5 Qxd5 3. Nc3 Qa5 4. d4 Nf6 5. Nf3 Bf5 6. Bc4 c6 7. Bd2 e6 8.
Qe2 Bb4 9. O-O-O Nbd7 10. Nh4 Bg4 11. f3 Bxc3 12. Bxc3 Qg5+ 13. Qd2 Qxh4 14.
fxg4 Qxg4 15. Bb4 O-O-O 16. Be2 Qg6 17. Bf3 Nb6 18. Bc5 Nfd7 19. Qa5 Qg5+ 20.
Kb1 Nxc5 21. Qxc5 Kb8 22. h4 Qe5 23. Qb4 Nd5 24. Qb3 Qc7 25. Rhe1 Nf6 26. a3
Kc8 27. Qc3 1/2-1/2

[Event "XXIX Open"]
[Site "Donostia San Sebastian ESP"]
[Date "2006.04.13"]
[Round "7"]
[White "Llaneza Vega, M."]
[Black "Heikkila, A."]
[Result "1-0"]
[WhiteElo "2361"]
[BlackElo "2099"]
[PlyCount "67"]
[EventDate "2006.04.08"]

1. e4 d6 2. d4 Nf6 3. Nc3 g6 4. Bg5 c6 5. Qd2 b5 6. Bd3 a6 7. Nf3 Bg7 8. e5 Nd5
9. Bh6 O-O 10. Nxd5 cxd5 11. h4 dxe5 12. dxe5 Nc6 13. Bxg7 Kxg7 14. h5 Rh8 15.
Qf4 Qa5+ 16. c3 Qa4 17. h6+ Kg8 18. Qxa4 bxa4 19. Rh4 g5 20. Nxg5 Nxe5 21.
O-O-O f6 22. Nf3 Bd7 23. Nxe5 fxe5 24. Rh5 Kf7 25. Rxe5 e6 26. g4 Bb5 27. Bc2
a3 28. bxa3 Rac8 29. Re3 Rc4 30. Rd4 Rxd4 31. cxd4 Rc8 32. Kb2 Kf6 33. f4 Rc7
34. g5+ 1-0

[Event "XXIX Open"]
[Site "Donostia San Sebastian ESP"]
[Date "2006.04.13"]
[Round "7"]
[White "Rodriguez Lopez, R."]
[Black "Rodriguez Gonzalez, A."]
[Result "1-0"]
[WhiteElo "2267"]
[BlackElo "2060"]
[PlyCount "65"]
[EventDate "2006.04.08"]

1. c4 Nf6 2. Nc3 g6 3. Nf3 Bg7 4. e3 O-O 5. Be2 d6 6. O-O e5 7. d3 a5 8. a3 Ne8
9. Rb1 f5 10. Qc2 g5 11. Re1 g4 12. Nd2 Qh4 13. g3 Qh5 14. Nd5 Nc6 15. b4 axb4
16. axb4 f4 17. Ne4 f3 18. Bf1 Rf7 19. Bd2 Ne7 20. Ra1 Rxa1 21. Rxa1 Nxd5 22.
cxd5 Qf5 23. Ra8 Re7 24. b5 b6 25. Qc4 h6 26. Bb4 Kh7 27. Nxd6 Nxd6 28. Bxd6
Bb7 29. Bxe7 Bxa8 30. Qxc7 Bxd5 31. e4 Bxe4 32. dxe4 Qxe4 33. Bf6 1-0

[Event "XXIX Open"]
[Site "Donostia San Sebastian ESP"]
[Date "2006.04.14"]
[Round "8"]
[White "Rodriguez Lopez, R."]
[Black "Angulo Martinez, J."]
[Result "1-0"]
[WhiteElo "2267"]
[BlackElo "2130"]
[PlyCount "55"]
[EventDate "2006.04.08"]

1. d4 Nf6 2. c4 e6 3. Nc3 c5 4. d5 exd5 5. cxd5 d6 6. Nf3 g6 7. Nd2 Bg7 8. e4
Bg4 9. f3 Bd7 10. Nc4 O-O 11. Nxd6 Nh5 12. Be3 Qc7 13. Ndb5 Bxb5 14. Bxb5 a6
15. Be2 b5 16. g3 Re8 17. Bf2 Qa5 18. O-O Nd7 19. Qd2 Rac8 20. Rfc1 Nb6 21. a3
Na4 22. Qc2 Nxc3 23. bxc3 Qc7 24. Qa2 Qe5 25. c4 f5 26. exf5 b4 27. axb4 cxb4
28. fxg6 1-0

[Event "XXIX Open"]
[Site "Donostia San Sebastian ESP"]
[Date "2006.04.14"]
[Round "8"]
[White "Spraggett, K."]
[Black "Neelotpal, D."]
[Result "1/2-1/2"]
[WhiteElo "2578"]
[BlackElo "2514"]
[PlyCount "29"]
[EventDate "2006.04.08"]

1. e4 e5 2. Nf3 Nf6 3. Nxe5 d6 4. Nc4 Nxe4 5. d4 d5 6. Ne3 c5 7. dxc5 Be6 8.
Nd2 Nxc5 9. Nf3 Be7 10. Nd4 O-O 11. Be2 Nc6 12. Nxe6 fxe6 13. O-O Qc7 14. Bg4
Rad8 15. g3 1/2-1/2

[Event "XXIX Open"]
[Site "Donostia San Sebastian ESP"]
[Date "2006.04.14"]
[Round "8"]
[White "Prie, E."]
[Black "Ninov, N."]
[Result "1-0"]
[WhiteElo "2475"]
[BlackElo "2494"]
[PlyCount "69"]
[EventDate "2006.04.08"]

1. d4 d5 2. a3 c6 3. Nf3 Bg4 4. Ne5 Bf5 5. c4 f6 6. Nf3 dxc4 7. Nc3 b5 8. e4
Bg6 9. d5 e5 10. dxe6 Qxd1+ 11. Kxd1 Bc5 12. Ke2 Na6 13. g3 f5 14. Ne5 Bh5+ 15.
f3 Bd4 16. Nxc6 Bxc3 17. bxc3 fxe4 18. g4 exf3+ 19. Kxf3 Bg6 20. Bg5 h6 21. Bh4
Nc5 22. Re1 h5 23. Bg2 Nd3 24. Kg3 hxg4 25. Ne5 Ne7 26. Nxg6 Nxe1 27. Rxe1 Rxh4
28. Nxh4 Rd8 29. Re5 Rd3+ 30. Kxg4 a6 31. Bb7 Rxc3 32. Bxa6 Rc1 33. Rxb5 Kd8
34. Nf5 c3 35. Rb8+ 1-0

[Event "XXIX Open"]
[Site "Donostia San Sebastian ESP"]
[Date "2006.04.14"]
[Round "8"]
[White "Genov, Peta"]
[Black "Colovic, A."]
[Result "1-0"]
[WhiteElo "2465"]
[BlackElo "2459"]
[PlyCount "41"]
[EventDate "2006.04.08"]

1. d4 d5 2. c4 c6 3. Nf3 Nf6 4. Nc3 a6 5. a4 e6 6. Bg5 Nbd7 7. cxd5 cxd5 8. e3
Bd6 9. Bd3 h6 10. Bf4 Qc7 11. Qd2 O-O 12. Rc1 Qb8 13. O-O b6 14. Ne2 Bb7 15. b4
Ne4 16. Qb2 Bxf4 17. Nxf4 Nd6 18. Ne5 f6 19. Nxd7 Qd8 20. a5 bxa5 21. bxa5 1-0

[Event "XXIX Open"]
[Site "Donostia San Sebastian ESP"]
[Date "2006.04.14"]
[Round "8"]
[White "Bergez, L."]
[Black "Flear, G."]
[Result "1-0"]
[WhiteElo "2340"]
[BlackElo "2465"]
[PlyCount "43"]
[EventDate "2006.04.08"]

1. e4 e5 2. Bc4 Nf6 3. d4 exd4 4. Nf3 Nc6 5. e5 Ng4 6. O-O d6 7. exd6 Qxd6 8.
Re1+ Be7 9. Bg5 Be6 10. Bxe7 Kxe7 11. Nbd2 Raf8 12. Ne4 Qb4 13. Bxe6 fxe6 14.
Nxd4 Qxd4 15. Qxg4 Rf5 16. c3 Qe5 17. Qh4+ Ke8 18. Ng3 Rf4 19. Qh3 Qd5 20. Rad1
Qxa2 21. Rxe6+ Kf7 22. Rd7+ 1-0

[Event "XXIX Open"]
[Site "Donostia San Sebastian ESP"]
[Date "2006.04.14"]
[Round "8"]
[White "Ivanov, Jo"]
[Black "Hanley, C."]
[Result "1-0"]
[WhiteElo "2364"]
[BlackElo "2418"]
[PlyCount "67"]
[EventDate "2006.04.08"]

1. d4 Nf6 2. c4 g6 3. Nc3 Bg7 4. e4 d6 5. h3 O-O 6. Nf3 e5 7. d5 Na6 8. Bg5 h6
9. Be3 Nc5 10. Nd2 a5 11. Be2 Bd7 12. b3 Nh7 13. h4 f5 14. h5 Ng5 15. hxg6 Qf6
16. f3 Qxg6 17. Qc2 c6 18. O-O-O Rac8 19. Rh4 Na6 20. a3 Nc7 21. exf5 Bxf5 22.
Nde4 Nxe4 23. fxe4 Qg3 24. exf5 Qxh4 25. dxc6 bxc6 26. Rxd6 Rfd8 27. Rg6 Ne8
28. Ne4 Kf7 29. c5 Rd5 30. Kb2 Kf8 31. g3 Qh1 32. f6 Nxf6 33. Nxf6 Rcd8 34.
Nxd5 1-0

[Event "XXIX Open"]
[Site "Donostia San Sebastian ESP"]
[Date "2006.04.14"]
[Round "8"]
[White "Gonzalez Menendez, I."]
[Black "Boudre, JP."]
[Result "1/2-1/2"]
[WhiteElo "2413"]
[BlackElo "2325"]
[PlyCount "57"]
[EventDate "2006.04.08"]

1. e4 e5 2. Nf3 Nc6 3. d4 exd4 4. Nxd4 Bc5 5. Be3 Qf6 6. Nb5 Bxe3 7. fxe3 Qh4+
8. g3 Qd8 9. Qg4 g5 10. N1c3 Ne5 11. Qe2 a6 12. Nd4 d6 13. Qg2 Ne7 14. O-O-O
Be6 15. Nd5 Bxd5 16. exd5 Qd7 17. Be2 O-O-O 18. Rhf1 h5 19. Nf3 Ng4 20. Nxg5
Nxe3 21. Qg1 Nxf1 22. Rxf1 Nxd5 23. Nxf7 Qe7 24. Bc4 Nb6 25. Bd3 Rdf8 26. Nd8
Qxd8 27. Rxf8 Qxf8 28. Qe3 Kb8 29. Be2 1/2-1/2

[Event "XXIX Open"]
[Site "Donostia San Sebastian ESP"]
[Date "2006.04.14"]
[Round "8"]
[White "Dobrev, N."]
[Black "Andres Gonzalez, I."]
[Result "0-1"]
[WhiteElo "2407"]
[BlackElo "2330"]
[PlyCount "60"]
[EventDate "2006.04.08"]

1. d4 d5 2. Nf3 Nf6 3. c4 e6 4. Bg5 Be7 5. Nc3 c6 6. e3 h6 7. Bh4 Ne4 8. Bxe7
Qxe7 9. Nxe4 dxe4 10. Nd2 f5 11. c5 O-O 12. Nc4 Nd7 13. b4 b6 14. Qd2 Ba6 15.
a4 Kh8 16. Ne5 Nxe5 17. Bxa6 Ng4 18. Rc1 e5 19. h3 Nf6 20. dxe5 Nd5 21. b5 Rad8
22. bxc6 bxc5 23. Qa5 f4 24. Qxc5 Qg5 25. c7 Nxc7 26. Qxc7 Qxg2 27. Rf1 fxe3
28. Qc5 exf2+ 29. Rxf2 Rxf2 30. Qxf2 Qxh3 0-1

[Event "XXIX Open"]
[Site "Donostia San Sebastian ESP"]
[Date "2006.04.14"]
[Round "8"]
[White "Contin, D."]
[Black "Jaumandreu Berruta, I."]
[Result "0-1"]
[WhiteElo "2396"]
[BlackElo "2168"]
[PlyCount "78"]
[EventDate "2006.04.08"]

1. c4 Nf6 2. Nf3 g6 3. Nc3 Bg7 4. g3 O-O 5. Bg2 d6 6. d4 Nbd7 7. O-O e5 8. e4
c6 9. h3 exd4 10. Nxd4 Re8 11. Re1 a5 12. Rb1 Nc5 13. Bf4 Nh5 14. Be3 a4 15.
Qc2 Nf6 16. b4 axb3 17. axb3 Qc7 18. b4 Ne6 19. Nb3 Nd7 20. f4 Nb6 21. c5 Nc4
22. Qd3 Nxe3 23. cxd6 Qd8 24. Rxe3 Bxc3 25. Qxc3 Qxd6 26. Rd3 Qe7 27. Na5 c5
28. Rd5 cxb4 29. Rxb4 Qc7 30. Rc4 Qb6+ 31. Kh2 Qf2 32. f5 Ng7 33. Rc7 b6 34.
Rd2 Qe1 35. Qc4 Ne6 36. Nb3 Nxc7 37. Qxc7 Ra1 38. Qxb6 Rd1 39. Qc6 Qg1# 0-1

[Event "XXIX Open"]
[Site "Donostia San Sebastian ESP"]
[Date "2006.04.14"]
[Round "8"]
[White "Argandona Rivero, I."]
[Black "Alvarez Ponga, H."]
[Result "1-0"]
[WhiteElo "2382"]
[BlackElo "2132"]
[PlyCount "93"]
[EventDate "2006.04.08"]

1. Nf3 Nf6 2. g3 d5 3. Bg2 c6 4. O-O Nbd7 5. d4 e6 6. b3 Bd6 7. Bb2 O-O 8. Nbd2
Qc7 9. c4 b6 10. Qc2 Bb7 11. Rac1 Rfe8 12. Rfd1 Rad8 13. Qb1 Qb8 14. e3 h6 15.
Qa1 Ne4 16. cxd5 cxd5 17. Nxe4 dxe4 18. Nd2 f5 19. d5 exd5 20. Bxg7 Be5 21.
Bxe5 Qxe5 22. Qxe5 Nxe5 23. Rc7 Rd7 24. Rxd7 Nxd7 25. Bh3 Rf8 26. Nxe4 fxe4 27.
Bxd7 Rd8 28. Bf5 Re8 29. Kg2 Re7 30. g4 Kf7 31. Kg3 Rc7 32. Rd2 Kf6 33. Kf4 Rc1
34. h4 Rg1 35. Rc2 Rg2 36. b4 a6 37. a4 Ba8 38. a5 bxa5 39. bxa5 Bb7 40. Bd7
Ba8 41. Bc8 Rg1 42. Bxa6 h5 43. g5+ Ke6 44. Bc8+ Kd6 45. a6 Bc6 46. Kf5 Rg4 47.
Kf6 1-0

[Event "XXIX Open"]
[Site "Donostia San Sebastian ESP"]
[Date "2006.04.14"]
[Round "8"]
[White "Moreto Quintana, A."]
[Black "Huesmann, T."]
[Result "1-0"]
[WhiteElo "2133"]
[BlackElo "2303"]
[PlyCount "73"]
[EventDate "2006.04.08"]

1. d4 f5 2. Bg5 h6 3. Bh4 g5 4. e4 Bg7 5. Bg3 fxe4 6. h4 Nf6 7. hxg5 hxg5 8.
Rxh8+ Bxh8 9. Nc3 d5 10. Qd2 Be6 11. Qxg5 a6 12. Be2 Nc6 13. O-O-O Kd7 14. Nh3
Kc8 15. f3 Kb8 16. fxe4 Bxh3 17. gxh3 dxe4 18. d5 Na7 19. Qe3 Qg8 20. Rg1 Qd8
21. Rd1 Qg8 22. Qf4 Qd8 23. Nxe4 Nxe4 24. Qxe4 Nb5 25. c4 Nd6 26. Qe6 b6 27. b4
Ka7 28. c5 bxc5 29. bxc5 Rb8 30. cxd6 Rb1+ 31. Kxb1 Qb8+ 32. Bb5 Qxb5+ 33. Kc2
Qc4+ 34. Kd2 Bc3+ 35. Ke3 exd6 36. Kf3 Qxa2 37. Qe3+ 1-0

[Event "XXIX Open"]
[Site "Donostia San Sebastian ESP"]
[Date "2006.04.14"]
[Round "8"]
[White "Olaizola Ortega, L."]
[Black "Ladron de Guevara, F."]
[Result "1-0"]
[WhiteElo "2208"]
[BlackElo "2104"]
[PlyCount "71"]
[EventDate "2006.04.08"]

1. d4 d5 2. Nf3 Nf6 3. c4 e6 4. Nc3 Nbd7 5. cxd5 exd5 6. Bg5 Be7 7. e3 c6 8.
Bd3 O-O 9. O-O Re8 10. Qc2 Nf8 11. Rab1 Ng6 12. Bxf6 Bxf6 13. b4 Be7 14. b5 Bd6
15. bxc6 bxc6 16. Bf5 Qf6 17. Bxc8 Raxc8 18. Rb7 Bb8 19. Rfb1 Qd6 20. Qf5 Qe6
21. Qxe6 fxe6 22. Na4 e5 23. Nc5 Bd6 24. Rxa7 exd4 25. exd4 Ra8 26. Rxa8 Rxa8
27. Rb2 Bxc5 28. dxc5 Ra5 29. Ng5 Kf8 30. Nxh7+ Ke7 31. Rb7+ Ke6 32. Rxg7 Ne5
33. h4 d4 34. f4 Nc4 35. Ng5+ Kd5 36. Rd7+ 1-0

[Event "XXIX Open"]
[Site "Donostia San Sebastian ESP"]
[Date "2006.04.14"]
[Round "8"]
[White "Cifuentes Parada, R."]
[Black "Vilarnovo Caamano, J."]
[Result "1-0"]
[WhiteElo "2494"]
[BlackElo "2079"]
[PlyCount "53"]
[EventDate "2006.04.08"]

1. Nf3 f5 2. d4 Nf6 3. g3 e6 4. Bg2 Be7 5. O-O O-O 6. c4 d6 7. Nc3 Qe8 8. b3 a5
9. Bb2 c6 10. Qc2 Na6 11. a3 Qg6 12. Rad1 Ne4 13. Nxe4 fxe4 14. Nd2 d5 15. e3
Qh6 16. f3 Bg5 17. Qc3 exf3 18. Nxf3 Nc7 19. e4 Bd7 20. Nxg5 Qxg5 21. Rxf8+
Rxf8 22. Qxa5 b6 23. Qc3 dxe4 24. Bxe4 e5 25. d5 Qf6 26. Bg2 cxd5 27. Rf1 1-0

[Event "XXIX Open"]
[Site "Donostia San Sebastian ESP"]
[Date "2006.04.14"]
[Round "8"]
[White "Landa Ceballos, J."]
[Black "Guerra Bastida, D."]
[Result "0-1"]
[WhiteElo "2090"]
[BlackElo "2373"]
[PlyCount "68"]
[EventDate "2006.04.08"]

1. Nf3 c5 2. c4 Nc6 3. Nc3 Nd4 4. e3 Nxf3+ 5. Qxf3 g6 6. d3 Bg7 7. Bd2 Nf6 8.
h3 d6 9. g4 h6 10. Bg2 Rb8 11. O-O O-O 12. Rab1 Bd7 13. a4 Bc6 14. e4 a6 15. b4
cxb4 16. Rxb4 Nd7 17. Qe3 a5 18. Rb3 Nc5 19. Ra3 e5 20. Nb5 Bxb5 21. axb5 b6
22. f4 exf4 23. Qxf4 Ne6 24. Qf2 Qe7 25. Be3 d5 26. Ra4 d4 27. Bc1 Rfe8 28. Ra2
Nc5 29. Ba3 Rbc8 30. Qf3 Be5 31. Raf2 Rf8 32. h4 Qxh4 33. Bh3 Ne6 34. Bxf8 Ng5
0-1

[Event "XXIX Open"]
[Site "Donostia San Sebastian ESP"]
[Date "2006.04.15"]
[Round "9"]
[White "Andres Gonzalez, A."]
[Black "Genov, Peta"]
[Result "1/2-1/2"]
[WhiteElo "2410"]
[BlackElo "2465"]
[PlyCount "47"]
[EventDate "2006.04.08"]

1. Nf3 c5 2. c4 Nf6 3. g3 b6 4. Bg2 Bb7 5. O-O e6 6. d4 cxd4 7. Qxd4 d6 8. Nc3
Be7 9. Rd1 a6 10. b3 Nbd7 11. Ba3 Nc5 12. b4 Ncd7 13. b5 Nc5 14. Bxc5 bxc5 15.
Qd3 axb5 16. Nxb5 Ra6 17. a4 O-O 18. Nh4 Qc8 19. Qb3 Bxg2 20. Nxg2 Qc6 21. Ne3
Rfa8 22. Rd3 h6 23. h3 Nd7 24. Rad1 1/2-1/2

[Event "XXIX Open"]
[Site "Donostia San Sebastian ESP"]
[Date "2006.04.15"]
[Round "9"]
[White "Andres Gonzalez, I."]
[Black "Cornette, M."]
[Result "1/2-1/2"]
[WhiteElo "2330"]
[BlackElo "2448"]
[PlyCount "31"]
[EventDate "2006.04.08"]

1. e4 d5 2. exd5 Qxd5 3. Nc3 Qa5 4. d4 Nf6 5. Be2 c6 6. Nf3 Bf5 7. O-O e6 8.
Ne5 Nbd7 9. Nc4 Qc7 10. Bd3 Bxd3 11. Qxd3 b5 12. Nd2 Be7 13. Nde4 O-O 14. Bg5
Rfe8 15. Rad1 Rad8 16. Qf3 1/2-1/2

[Event "XXIX Open"]
[Site "Donostia San Sebastian ESP"]
[Date "2006.04.15"]
[Round "9"]
[White "Ivanov, Jo"]
[Black "Petrov, Marij"]
[Result "1-0"]
[WhiteElo "2364"]
[BlackElo "2427"]
[PlyCount "55"]
[EventDate "2006.04.08"]

1. d4 g6 2. c4 Bg7 3. Nc3 c5 4. d5 d6 5. e4 e6 6. Bd3 Nf6 7. h3 O-O 8. Nf3 Na6
9. O-O Nc7 10. Bg5 h6 11. Be3 exd5 12. cxd5 Re8 13. a4 Na6 14. Re1 Nb4 15. Bf4
b6 16. Bb5 Re7 17. Qd2 Kh7 18. Rad1 a6 19. Bc4 Raa7 20. Bxd6 Qxd6 21. e5 Qd8
22. d6 Re8 23. exf6 Bxf6 24. Rxe8 Qxe8 25. Qf4 Bxc3 26. bxc3 Qxa4 27. Re1 Nc6
28. Qf6 1-0

[Event "XXIX Open"]
[Site "Donostia San Sebastian ESP"]
[Date "2006.04.15"]
[Round "9"]
[White "Ninov, N."]
[Black "Bergez, L."]
[Result "1-0"]
[WhiteElo "2494"]
[BlackElo "2340"]
[PlyCount "67"]
[EventDate "2006.04.08"]

1. e4 c5 2. Nf3 d6 3. d4 cxd4 4. Nxd4 Nf6 5. Nc3 g6 6. Be3 Bg7 7. f3 O-O 8. Qd2
Nc6 9. Bc4 Bd7 10. O-O-O Qa5 11. Nb3 Qc7 12. Bh6 Ne5 13. Be2 a5 14. Bxg7 Kxg7
15. f4 Nc6 16. Nd5 Nxd5 17. exd5 Nb4 18. a3 Ba4 19. Na1 Na6 20. Bxa6 Rxa6 21.
Qd4+ Kg8 22. Qxa4 Rb8 23. Qb5 a4 24. Rhe1 Kf8 25. Re4 Ra5 26. Qc4 Rc5 27. Qd4
f6 28. Qxa4 Qc8 29. Qd4 b5 30. Qe3 Rb7 31. c3 Qf5 32. Nb3 Rxd5 33. Nd4 Qh5 34.
g4 1-0

[Event "XXIX Open"]
[Site "Donostia San Sebastian ESP"]
[Date "2006.04.15"]
[Round "9"]
[White "Colovic, A."]
[Black "Rodriguez Lopez, R."]
[Result "1-0"]
[WhiteElo "2459"]
[BlackElo "2267"]
[PlyCount "53"]
[EventDate "2006.04.08"]

1. e4 d5 2. exd5 Qxd5 3. Nc3 Qa5 4. d4 c6 5. Bd2 Qc7 6. Bd3 Nf6 7. Nge2 e6 8.
Ng3 a6 9. Qe2 Be7 10. O-O-O O-O 11. Nce4 Nbd7 12. Ng5 Re8 13. h4 b5 14. Nh5 c5
15. Rh3 cxd4 16. Nxh7 Nxh7 17. Bxh7+ Kxh7 18. Nxg7 Rh8 19. Nxe6 Qe5 20. Qd3+ f5
21. Re1 Qf6 22. Nc7 Nc5 23. Qe2 Bd6 24. Qh5+ Kg7 25. Ne8+ Rxe8 26. Rxe8 Qf7 27.
Qh8+ 1-0

[Event "XXIX Open"]
[Site "Donostia San Sebastian ESP"]
[Date "2006.04.15"]
[Round "9"]
[White "Rayner, F."]
[Black "Gonzalez Menendez, I."]
[Result "0-1"]
[WhiteElo "2205"]
[BlackElo "2413"]
[PlyCount "80"]
[EventDate "2006.04.08"]

1. c4 Nf6 2. Nf3 e6 3. g3 d5 4. Bg2 Be7 5. O-O O-O 6. d4 dxc4 7. Qc2 a6 8. Qxc4
b5 9. Qc2 Bb7 10. Bd2 Nc6 11. Rd1 Rc8 12. Be1 Nb4 13. Bxb4 Bxb4 14. a3 Ba5 15.
b4 Bb6 16. Nc3 Qe7 17. e3 h6 18. Rab1 Rfd8 19. Ne5 Bxg2 20. Kxg2 Qd6 21. Kg1 c5
22. bxc5 Bxc5 23. Nxf7 Kxf7 24. dxc5 Qxc5 25. Rxd8 Rxd8 26. Qb2 Rd3 27. Rc1 Qe5
28. Qc2 Qd6 29. Nb1 Nd7 30. Kf1 Qd5 31. Ke2 Ne5 32. Qc5 Qf3+ 33. Ke1 Rd5 34.
Qc7+ Kf6 35. Qc3 Rc5 36. Qxc5 Nd3+ 37. Kd2 Nxc5 38. Rxc5 Qxf2+ 39. Kd3 Qa2 40.
Nc3 Qxa3 0-1

[Event "XXIX Open"]
[Site "Donostia San Sebastian ESP"]
[Date "2006.04.15"]
[Round "9"]
[White "Boudre, JP."]
[Black "Moreto Quintana, A."]
[Result "0-1"]
[WhiteElo "2325"]
[BlackElo "2133"]
[PlyCount "66"]
[EventDate "2006.04.08"]

1. e4 c5 2. Nf3 d6 3. d4 cxd4 4. Nxd4 Nf6 5. Nc3 g6 6. Be3 Bg7 7. f3 Nc6 8. Qd2
h5 9. O-O-O Bd7 10. Bc4 Rc8 11. Nxc6 bxc6 12. Rhe1 Qa5 13. e5 dxe5 14. Ne4
Qxd2+ 15. Rxd2 Nxe4 16. fxe4 Rc7 17. Red1 e6 18. Rd3 Bh6 19. Bxh6 Rxh6 20. Ra3
g5 21. Ra5 c5 22. Rxd7 Kxd7 23. Ra6 Rf6 24. Ra3 Rf2 25. Rh3 Rxg2 26. Rxh5 Ke7
27. b3 Rc8 28. a4 a5 29. Kb2 Rg8 30. Kc3 Rg4 31. Bd3 Rh4 32. Rxh4 gxh4 33. Kc4
h3 0-1

[Event "XXIX Open"]
[Site "Donostia San Sebastian ESP"]
[Date "2006.04.15"]
[Round "9"]
[White "Llaneza Vega, M."]
[Black "Cifuentes Parada, R."]
[Result "0-1"]
[WhiteElo "2361"]
[BlackElo "2494"]
[PlyCount "89"]
[EventDate "2006.04.08"]

1. e4 c5 2. Nf3 d6 3. d4 cxd4 4. Nxd4 Nf6 5. Nc3 Nc6 6. Bg5 Bd7 7. Qd2 Rc8 8.
O-O-O Nxd4 9. Qxd4 Qa5 10. Be3 a6 11. f4 e5 12. Qd3 Bg4 13. Be2 Rxc3 14. bxc3
Bxe2 15. Qxe2 Qxa2 16. Qd3 Be7 17. fxe5 dxe5 18. Bc5 Qa1+ 19. Kd2 Qa4 20. Bxe7
Kxe7 21. Ke3 Qc6 22. Rd2 Rc8 23. c4 Nd7 24. Rb1 Nc5 25. Qd5 f6 26. g4 h6 27. h4
b6 28. g5 hxg5 29. hxg5 Qxd5 30. gxf6+ gxf6 31. Rxd5 Rc6 32. Rh1 Ke6 33. Rd8
Nb7 34. Re8+ Kd6 35. Rh6 Kc5 36. Rf8 Na5 37. Rfxf6 Nxc4+ 38. Kd3 Rc7 39. Rh8 a5
40. Rd8 Kb4 41. Rf1 Nb2+ 42. Kd2 a4 43. Kc1 Nc4 44. Rd3 Rg7 45. Kb1 0-1